|
|
|
|
| LEADER |
03017nam a2200769 a 4500 |
| 001 |
nkc20061689215 |
| 003 |
CZ PrNK |
| 005 |
20100603100040.0 |
| 007 |
ta |
| 008 |
060913s2006 xr a e f 000 0dcze |
| 015 |
|
|
|a cnb001689215
|
| 020 |
|
|
|a 80-903809-0-5
|q (váz.)
|
| 035 |
|
|
|a (OCoLC)124088701
|
| 040 |
|
|
|a OLA001
|b cze
|d ABA001
|
| 043 |
|
|
|a e-it---
|
| 072 |
|
7 |
|a 133
|x Ezoterismus. Okultismus
|2 Konspekt
|9 17
|
| 080 |
|
|
|a 75.052.021.333
|2 MRF
|
| 080 |
|
|
|a 27-312.55
|2 MRF
|
| 080 |
|
|
|a 27-236.5
|2 MRF
|
| 080 |
|
|
|a 27
|2 MRF
|
| 080 |
|
|
|a 133.52
|2 MRF
|
| 080 |
|
|
|a 133.522.1
|2 MRF
|
| 080 |
|
|
|a 133.522.2
|2 MRF
|
| 080 |
|
|
|a 133.5:51
|2 MRF
|
| 080 |
|
|
|a 7.04
|2 MRF
|
| 080 |
|
|
|a 75.034.3/.6
|2 MRF
|
| 080 |
|
|
|a (450)
|2 MRF
|
| 080 |
|
|
|a (0.062)
|2 MRF
|
| 100 |
1 |
|
|a Myslikovjanová, Ida
|7 mzk2002160886
|4 aut
|
| 245 |
1 |
0 |
|a Konečně pravda!? :
|b --aneb, Každý z nás podle Leonarda da Vinci /
|c Ida Myslikovjanová
|
| 246 |
3 |
0 |
|a Každý z nás podle Leonarda da Vinci
|
| 250 |
|
|
|a 1. vyd.
|
| 260 |
|
|
|a Kroměříž :
|b Smart goods,
|c 2006
|
| 300 |
|
|
|a 189 s. :
|b il. (některé barev.) ;
|c 22 cm
|
| 504 |
|
|
|a Obsahuje bibliografii
|
| 600 |
0 |
7 |
|a Leonardo,
|c da Vinci,
|d 1452-1519.
|t Poslední večeře
|7 aun2006372370
|2 czenas
|
| 600 |
0 |
7 |
|a Ježíš Kristus
|7 ola2002103454
|2 czenas
|
| 600 |
0 |
7 |
|a Marie Magdalena,
|c svatá,
|d činná 1. století
|7 jn20010525334
|2 czenas
|
| 600 |
0 |
9 |
|a Jesus Christ
|2 eczenas
|
| 600 |
0 |
9 |
|a Mary Magdalene,
|c Saint
|2 eczenas
|
| 650 |
0 |
7 |
|a fresky
|7 ph135157
|x astrologické aspekty
|2 czenas
|
| 650 |
0 |
7 |
|a apoštolové
|7 ph118552
|x astrologické aspekty
|2 czenas
|
| 650 |
0 |
7 |
|a biblické postavy
|7 ph118857
|x astrologické aspekty
|2 czenas
|
| 650 |
0 |
7 |
|a křesťanství
|7 ph115073
|x astrologické aspekty
|2 czenas
|
| 650 |
0 |
7 |
|a astrologická symbolika
|7 ph174206
|2 czenas
|
| 650 |
0 |
7 |
|a zvěrokruh
|7 ph116791
|2 czenas
|
| 650 |
0 |
7 |
|a numerologie
|7 ph115472
|2 czenas
|
| 650 |
0 |
7 |
|a umělecké náměty
|7 ph138227
|2 czenas
|
| 650 |
0 |
7 |
|a renesanční malířství
|7 ph117258
|z Itálie
|2 czenas
|
| 650 |
0 |
9 |
|a fresco painting
|x astrological aspects
|2 eczenas
|
| 650 |
0 |
9 |
|a apostles
|x astrological aspects
|2 eczenas
|
| 650 |
0 |
9 |
|a Bible persons
|x astrological aspects
|2 eczenas
|
| 650 |
0 |
9 |
|a Christianity
|x astrological aspects
|2 eczenas
|
| 650 |
0 |
9 |
|a symbolism of astrology
|2 eczenas
|
| 650 |
0 |
9 |
|a zodiac
|2 eczenas
|
| 650 |
0 |
9 |
|a numerology
|2 eczenas
|
| 650 |
0 |
9 |
|a artistic themes
|2 eczenas
|
| 650 |
0 |
9 |
|a renaissance painting
|z Italy
|2 eczenas
|
| 655 |
|
7 |
|a populárně-naučné publikace
|7 fd131864
|2 czenas
|
| 655 |
|
9 |
|a popular works
|2 eczenas
|
| 856 |
4 |
1 |
|u http://www.digitalniknihovna.cz/mzk/uuid/uuid:0ea05c40-4f05-11e6-a5c5-005056827e51
|y Digitalizovaný dokument
|x NDK
|
| 910 |
2 |
|
|a BOA001
|b 2-1176.554
|
| 990 |
|
|
|a BK
|
| 995 |
|
|
|a 01
|
| 991 |
|
|
|b 200612
|c NOV
|
| 996 |
6 |
|
|b 2610293685
|c 2-1176.554
|l MZK
|r Sklad / do 1 hodiny
|n 7
|p p.v.
|w 000831695
|u 000010
|a 1
|e BOA001
|j MZK50
|s P
|
| 996 |
7 |
|
|b 2610544852
|c 2-1176.554
|l MZK
|r Sklad / do 1 hodiny
|n 0
|w 000831695
|u 000020
|a 1
|e BOA001
|j MZK50
|s A
|